|
|
|
|
| LEADER |
00000cam a22000004a 4500 |
| 001 |
musev2_10032 |
| 003 |
MdBmJHUP |
| 005 |
20230905041139.0 |
| 006 |
m o d |
| 007 |
cr||||||||nn|n |
| 008 |
090430s2009 kyu o 00 0 eng d |
| 010 |
|
|
|z 2009018230
|
| 020 |
|
|
|a 9780813173474
|
| 020 |
|
|
|z 9780813134475
|
| 020 |
|
|
|z 9780813139265
|
| 020 |
|
|
|z 9780813125527
|
| 035 |
|
|
|a (OCoLC)646824768
|
| 040 |
|
|
|a MdBmJHUP
|c MdBmJHUP
|
| 043 |
|
|
|a n-us---
|
| 050 |
0 |
4 |
|a E877
|b .E78 2009
|
| 082 |
0 |
|
|a 973.927092
|a B
|2 22
|
| 245 |
0 |
4 |
|a The Enduring Reagan /
|c edited by Charles W. Dunn.
|
| 264 |
|
1 |
|a Lexington :
|b University Press of Kentucky,
|c 2009.
|
| 264 |
|
3 |
|a Baltimore, Md. :
|b Project MUSE,
|c 2012
|
| 264 |
|
4 |
|c ©2009.
|
| 300 |
|
|
|a 1 online resource (184 pages).
|
| 336 |
|
|
|a text
|b txt
|2 rdacontent
|
| 337 |
|
|
|a computer
|b c
|2 rdamedia
|
| 338 |
|
|
|a online resource
|b cr
|2 rdacarrier
|
| 504 |
|
|
|a Includes bibliographical references and index.
|
| 588 |
|
|
|a Description based on print version record.
|
| 600 |
1 |
0 |
|a Reagan, Ronald
|x Influence.
|
| 600 |
1 |
0 |
|a Reagan, Ronald
|x Political and social views.
|
| 600 |
1 |
0 |
|a Reagan, Ronald.
|
| 650 |
|
0 |
|a Conservatism
|z United States
|x History
|y 20th century.
|
| 650 |
|
0 |
|a Presidents
|z United States
|v Biography.
|
| 651 |
|
0 |
|a United States
|x Politics and government
|y 1981-1989.
|
| 655 |
|
7 |
|a Electronic books.
|2 local
|
| 700 |
1 |
|
|a Dunn, Charles W.
|
| 710 |
2 |
|
|a Project Muse.
|e distributor
|
| 830 |
|
0 |
|a Book collections on Project MUSE.
|
| 856 |
4 |
0 |
|z Texto completo
|u https://projectmuse.uam.elogim.com/book/10032/
|
| 945 |
|
|
|a Project MUSE - Custom Collection
|
| 945 |
|
|
|a Project MUSE - Archive Complete Foundation
|
| 945 |
|
|
|a Project MUSE - Archive History Foundation
|